00766cam a22002771 4500001001300000003000400013005001700017008004100034010001700075025002000092035002000112040001800132042001200150043001200162050002300174100005200197245003600249250001300285260001000298300004200308500001500350504002900365651003700394700004000431999001700471sa 65010639 DLC20260227112210.0891005s1965 ii ac b 000 0 telo  asa 65010639  aPL480:I-Te-1096 a(OCoLC)20443200 aDLCcWaUdDLC apremarc aa-ii---00aDS485.A55bL3 19651 aLakṣmīrañjanaṃ, Khaṇḍavalli,d1908-10aĀndhrulacaritra-saṃskr̥ti. a[3d ed.] c1965. a3, 479, ii p.billus., ports.c22 cm. aIn Telugu. aBibliography: p. [i]-ii. 0aAndhra Pradesh (India)xHistory.2 aBalendu Sekaram, Kandavalli,d1909- c66848d66848